| 000 | 00718nam a2200193Ia 4500 | ||
|---|---|---|---|
| 003 | GCL | ||
| 008 | 140319s9999 xx 000 0 ara d | ||
| 020 | _a854215977 | ||
| 040 |
_aGCL / _cGCL |
||
| 082 | 0 | 4 |
_a412 _bش أ |
| 100 | 1 | _aشعبان صلاح | |
| 245 | 1 | 0 |
_aابنية المشتقات ووظائفها فى شعر الاعشى / _cشعبان صلاح |
| 260 |
_aالقاهرة : _bدار غريب للطباعة والنشر والتوزيع ، _c2006 |
||
| 300 |
_a78 ص ؛ _c24 سم |
||
| 650 | 0 | 4 | _aاللغة العربية - الالفاظ |
| 650 | 0 | 4 | _aاللغة العربية - الاشتقاق |
| 650 | 0 | 4 | _aاللغة العربية - المترادفات والاضداد |
| 942 |
_2ddc _cBK |
||
| 999 |
_c54774 _d54774 |
||